Nástroje spoločného zdaňovania manželov v členských štátoch Európskej únie
Postoj Európskej únie k spoločnému zdaňovaniu manželov. Spoločné zdaňovanie v daňových sústavách štátov EÚ. História a rozdielnosť daňových sústav a neexistujúca harmonizácia v oblastí priamych daní. Krajiny, ktoré nikdy nevyužili žiadny z nástrojov spoločného zdaňovania.
Gespeichert in:
| 1. Verfasser: | |
|---|---|
| Format: | Buchkapitel |
| Sprache: | Slowakisch |
| Schlagworte: | |
| Tags: |
Keine Tags, Fügen Sie das erste Tag hinzu!
|
MARC
| LEADER | 00000nla a2200000 4500 | ||
|---|---|---|---|
| 001 | 0181049 | ||
| 005 | 20240502083426.4 | ||
| 041 | 0 | |a slo | |
| 044 | |a CZ | ||
| 245 | 1 | 0 | |a Nástroje spoločného zdaňovania manželov v členských štátoch Európskej únie |c Dominika Janečková |
| 520 | |a Postoj Európskej únie k spoločnému zdaňovaniu manželov. Spoločné zdaňovanie v daňových sústavách štátov EÚ. História a rozdielnosť daňových sústav a neexistujúca harmonizácia v oblastí priamych daní. Krajiny, ktoré nikdy nevyužili žiadny z nástrojov spoločného zdaňovania. | ||
| 610 | 2 | 0 | |a Európska únia |
| 610 | 2 | 0 | |a politika daňová |
| 610 | 2 | 0 | |a systémy daňové |
| 610 | 2 | 0 | |a dane priame |
| 610 | 2 | 0 | |a zaťaženie daňové |
| 610 | 2 | 0 | |a zdaňovanie |
| 610 | 2 | 0 | |a harmonizácia |
| 100 | 1 | |a Janečková, Dominika | |